| 000 | 00503nam a2200193Ia 4500 | ||
|---|---|---|---|
| 001 | 120529140046093 | ||
| 003 | PILC | ||
| 005 | 20141129015216.0 | ||
| 008 | 120529s1998 ph 000 0 eng | ||
| 020 | _a0380798565 | ||
| 050 | _aFIC P48a 1998 | ||
| 090 | _aFIC P48a 1998 | ||
| 100 | 1 | _aPeters, Elizabeth. | |
| 245 | 1 | 0 |
_aThe ape who guards the balance / _cElizabeth Peters. |
| 260 |
_aNew York : _bAvon Books, _c1998. |
||
| 300 |
_a444 p. ; _c17 cm. |
||
| 650 | 4 | _aFiction. | |
| 942 |
_2lcc _cBK |
||
| 999 |
_c276887 _d276887 |
||